Detalles MARC
| 000 -LEADER |
| fixed length control field |
01628nam a2200229Ia 4500 |
| 003 - CONTROL NUMBER IDENTIFIER |
| control field |
OSt |
| 005 - DATE AND TIME OF LATEST TRANSACTION |
| control field |
20210511132459.0 |
| 008 - FIXED-LENGTH DATA ELEMENTS--GENERAL INFORMATION |
| fixed length control field |
210310t1996 ck fr 000 0 spa d |
| 020 ## - INTERNATIONAL STANDARD BOOK NUMBER |
| International Standard Book Number |
9586640248 |
| 040 ## - CATALOGING SOURCE |
| Original cataloging agency |
CO-JMCR |
| Transcribing agency |
CO-JMCR |
| 041 0# - LANGUAGE CODE |
| Language code of text/sound track or separate title |
spa |
| 082 04 - DEWEY DECIMAL CLASSIFICATION NUMBER |
| Classification number |
350.72209861 / |
| Item number |
B213i |
| Edition number |
23 |
| 110 2# - MAIN ENTRY--CORPORATE NAME |
| Corporate name or jurisdiction name as entry element |
Banco de la Republica |
| 9 (RLIN) |
14538 |
| 245 10 - TITLE STATEMENT |
| Title |
Indicadores del sector público no financiero, 1987-1995 : |
| Remainder of title |
situación fiscal, gasto según finalidad y disgregación del gasto / |
| Statement of responsibility, etc. |
Banco de la Republica |
| 260 ## - PUBLICATION, DISTRIBUTION, ETC. |
| Place of publication, distribution, etc. |
Bogotá : |
| Name of publisher, distributor, etc. |
Banco de la República, |
| Date of publication, distribution, etc. |
©1996 |
| 300 ## - PHYSICAL DESCRIPTION |
| Extent |
12 volúmenes ; |
| Dimensions |
28 cm. |
| 505 0# - FORMATTED CONTENTS NOTE |
| Miscellaneous information |
v. 1. |
| Title |
Nivel nacional |
| Miscellaneous information |
v. 2. |
| Title |
Nivel regional |
| Miscellaneous information |
v. 3. |
| Title |
Centro regional Barranquilla (Archipiélago de San Andrés, Providencia y Santa Catalina, Atlántico, Bolívar, Cesar, La Guajira, Magdalena, Sucre) |
| Miscellaneous information |
v. 4. |
| Title |
Centro Regional Cali (Cauca, Valle del Cauca) |
| Statement of responsibility |
|
| Miscellaneous information |
v. 5. Parte 1 |
| Title |
Centro Regional Cúcuta (Arauca, Boyacá, Casanare) |
| Miscellaneous information |
v. 6. |
| Title |
Centro Regional Ibagué (Caquetá, Cundinamarca, Huila, Tolima) |
| Miscellaneous information |
v. 7. |
| Title |
Centro Regional Manizales (Caldas, Quindío, Risaralda) |
| Miscellaneous information |
v. 8. |
| Title |
Centro Regional Medellín (Antioquía, Chocó, Córdoba) |
| Miscellaneous information |
v. 9. |
| Title |
Centro Regional de Pasto (Nariño, Putumayo) |
| Miscellaneous information |
v. 10. |
| Title |
Centro Regional Villavicencio (Amazonas, Guainía, Guaviare, Meta, Vaupés, Vichada) |
| Miscellaneous information |
v. 11. |
| Title |
Santafé de Bogotá D.C. y entidades suprarregionales |
| Miscellaneous information |
v.12. |
| Title |
Consolidados |
| 650 14 - SUBJECT ADDED ENTRY--TOPICAL TERM |
| Topical term or geographic name entry element |
Gastos públicos |
| 9 (RLIN) |
15237 |
| Form subdivision |
Estadísticas |
| Chronological subdivision |
1987-1995 |
| Geographic subdivision |
Colombia |
| 650 24 - SUBJECT ADDED ENTRY--TOPICAL TERM |
| Topical term or geographic name entry element |
Hacienda pública |
| Form subdivision |
Estadísticas |
| Chronological subdivision |
19987-1995 |
| Geographic subdivision |
Colombia |
| 9 (RLIN) |
37552 |
| 650 24 - SUBJECT ADDED ENTRY--TOPICAL TERM |
| Topical term or geographic name entry element |
Presupuesto |
| Form subdivision |
Estadísticas |
| Chronological subdivision |
1987-1995 |
| Geographic subdivision |
Colombia |
| 9 (RLIN) |
37553 |
| 942 ## - ADDED ENTRY ELEMENTS (KOHA) |
| Source of classification or shelving scheme |
Dewey Decimal Classification |
| Koha item type |
Books |